000 00707nab a22002297a 4500
001 19723
003 HDC
007 cr bn ---aaaaa
008 210128c20090606my ||||o |||| 00| 00eng d
040 _aHDC
245 0 _aMalaysia: RM5mil to uplift halal beef production
336 _atext
_2rdacontent
337 _acomputer
_2rdamedia
338 _aonline resource
_2rdacarrier
650 _aIslamic law
_9590
650 _aMeat
_91368
710 _aDagangHalal.com
856 _zRequest full-text at [email protected]
942 _2lcc
942 _cNEWS
942 _kNWSO 007744
999 _c17039
_d17039